Detalles MARC
| 000 -CABECERA |
| campo de control de longitud fija |
02015nas a2200301 a 4500 |
| 003 - IDENTIFICADOR DEL NÚMERO DE CONTROL |
| campo de control |
DO-SdUA |
| 005 - FECHA Y HORA DE LA ÚLTIMA TRANSACCIÓN |
| campo de control |
20250415101404.0 |
| 007 - CAMPO FIJO DE DESCRIPCIÓN FÍSICA--INFORMACIÓN GENERAL |
| campo de control de longitud fija |
ta |
| 008 - DATOS DE LONGITUD FIJA--INFORMACIÓN GENERAL |
| campo de control de longitud fija |
250411e2009 dr m p|r| || | spa d |
| 035 ## - NÚMERO DE CONTROL DEL SISTEMA |
| Número de control de sistema |
(DO-SdUA)46533 |
| 040 ## - FUENTE DE LA CATALOGACIÓN |
| Centro catalogador/agencia de origen |
DO-SdUA |
| Lengua de catalogación |
spa |
| Centro/agencia transcriptor |
DO-SdUA |
| Centro/agencia modificador |
DO-SdBNP |
| Normas de descripción |
rda |
| 041 0# - CÓDIGO DE LENGUA |
| Código de lengua del texto/banda sonora o título independiente |
spa |
| 245 00 - MENCIÓN DE TÍTULO |
| Título |
Puro turismo / |
| Mención de responsabilidad, etc. |
Caribbean Traveling Network Dominicano. |
| 264 ## - PRODUCCIÓN, PUBLICACIÓN, DISTRIBUCIÓN, FABRICACIÓN Y COPYRIGHT |
| Producción, publicación, distribución, fabricación y copyright |
Santo Domingo, República Dominicana : |
| Nombre del de productor, editor, distribuidor, fabricante |
Caribbean Traveling Network Dominicano, |
| Fecha de producción, publicación, distribución, fabricación o copyright |
2009-. |
| 300 ## - DESCRIPCIÓN FÍSICA |
| Extensión |
volumen : |
| Otras características físicas |
ilustraciones, fotografías, mapas ; |
| Dimensiones |
38 cm. |
| 310 ## - PERIODICIDAD ACTUAL |
| Periodicidad actual |
Mensual. |
| 336 ## - TIPO DE CONTENIDO |
| Término de tipo de contenido |
texto |
| Código de tipo de contenido |
txt |
| Fuente |
rdacontent |
| 337 ## - TIPO DE MEDIO |
| Nombre/término del tipo de medio |
sin mediación |
| Código del tipo de medio |
n |
| Fuente |
rdamedia |
| 338 ## - TIPO DE SOPORTE |
| Nombre/término del tipo de soporte |
volumen |
| Código del tipo de soporte |
nc |
| Fuente |
rdacarrier |
| 362 ## - FECHAS DE PUBLICACIÓN Y/O DESIGNACIÓN SECUENCIAL |
| Fecha de publicación y/o designación secuencial |
Año: 2. Número: 15. 2009. |
| 500 ## - NOTA GENERAL |
| Nota general |
Único periódico especializado en turismo de la República Dominicana. Editado por Caribbean Traveling Network (CTN). |
| 500 ## - NOTA GENERAL |
| Nota general |
Sabemos lo importante que es para República Dominicana dar a conocer sus más atractivos hoteles, playas y montañas, y también conocer los tesoros de otros países. Consciente de esto, el canal Turístico Caribbean Traveling Network dominicano (CTN) presentó la primera edición impresa de su nuevo medio masivo de comunicación denominado "Puro Turismo". Este periódico en forma tabloide, en su primera fase se publicará una vez al mes y estará en circulación a partir de hoy a través de Omnimedia en los principales núcleos poblacionales de todo el país. Miguel Calzada León, presidente de CTN y director del nuevo tabloide, agradeció la asistencia a todos los presentes y la colaboración recibida del Grupo Omnimedia y su personal ejecutivo en la consecución del proyecto. |
| 650 #7 - PUNTO DE ACCESO ADICIONAL DE MATERIA--TÉRMINO DE MATERIA |
| Término de materia o nombre geográfico como elemento de entrada |
Turismo |
| Subdivisión de forma |
Publicaciones seriadas |
| Subdivisión geográfica |
República Dominicana |
| Fuente del encabezamiento o término |
lemb |
| 9 (RLIN) |
87425 |
| 650 #0 - PUNTO DE ACCESO ADICIONAL DE MATERIA--TÉRMINO DE MATERIA |
| Término de materia o nombre geográfico como elemento de entrada |
Promoción de turismo |
| Subdivisión de forma |
Publicaciones periódicas |
| Subdivisión geográfica |
República Dominicana |
| 9 (RLIN) |
64013 |
| 710 2# - PUNTO DE ACCESO ADICIONAL--NOMBRE DE ENTIDAD CORPORATIVA |
| Nombre de entidad corporativa o nombre de jurisdicción como elemento de entrada |
Caribbean Traveling Network Dominicano |
| 9 (RLIN) |
87426 |
| 856 ## - LOCALIZACIÓN Y ACCESO ELECTRÓNICOS |
| Nombre del host |
Puro Turismo |
| Identificador Uniforme del Recurso |
<a href="https://issuu.com/puroturismo/docs/puro_turismo_peq1">https://issuu.com/puroturismo/docs/puro_turismo_peq1</a> |
| 942 ## - ELEMENTOS DE PUNTO DE ACCESO ADICIONAL (KOHA) |
| Fuente del sistema de clasificación o colocación |
Dewey Decimal Classification |
| Tipo de ítem Koha |
Publicación periódica |